| 000 | 00657cam a2200193 a 4500 | ||
|---|---|---|---|
| 001 | 000005945 | ||
| 005 | 20200929151844.0 | ||
| 008 | 940509s1988 pr a 001 p spa | ||
| 040 |
_aDO-SdBNP _cDLC _dDLC |
||
| 082 |
_a861.6 _bL864p |
||
| 100 | 1 |
_aLópez Anglada, Luis, _d1919-2007. _916750 |
|
| 245 | 1 | 0 |
_aPadre del mar / _cLuis López Anglada ; prólogo, Manuel de la Puebla. |
| 260 |
_aSan Juan, Puerto Rico. : _bMairena, _c1988. |
||
| 300 |
_aviii, 78 p. : _bil. ; _c22 cm. |
||
| 650 | 4 |
_aPoesía española _9631 |
|
| 650 | 4 |
_aLiteratura española _ySIGLO XXI _94846 |
|
| 700 | 1 |
_aPuebla, Manuel de la, _epról. _98725 |
|
| 910 | _aCatalogación por copia / LC | ||
| 999 |
_c5741 _d5741 |
||